| Record ID | ia:almibalmunrfghar00fayyuoft |
| Source | Internet Archive |
| Download MARC XML | https://archive.org/download/almibalmunrfghar00fayyuoft/almibalmunrfghar00fayyuoft_marc.xml |
| Download MARC binary | https://www.archive.org/download/almibalmunrfghar00fayyuoft/almibalmunrfghar00fayyuoft_meta.mrc |
LEADER: 00804cam a22002170 4500
001 2437505
008 731030s1904 ||| ara x
035 $a(Sirsi) AGE-6040
040 $aOTU$bENG
050 4 $aPJ6620$bF38 1904
090 8 $aPJ 6620 .F38 1904$bROBA$c1$dv.1/2([1904])
100 10 $aFayyūmī, Aḥmad ibn Muḥammad,$dd. ca. 1368
245 13 $aAl-Miṣbāḥ al-munīr fī gharīb al-Sharḥ al-kabīr
250 $aAl-Ṭab'ah 1
260 0 $aMiṣr$bMaṭba'at al-taqaddum al-'ilmīyah$c[1904]
596 $a26
650 0 $aArabic language$xDictionaries
700 10 $aRāfiʻī, ʻAbd al-Karīm ibn Muḥammad,$d1162-1226$tFath al-'Azīz 'alá kitāb al-Wajīz
700 00 $aGhazzālī,$d1058-1111.$tWajīz
948 $a07/15/1992$b10/02/1998
926 $aROBARTS$bSTACKS$cPJ6620 .F38 1904$dBOOK$f1